• 首页
  • 本馆介绍
  • 公告通知
  • 最新文献
  • 馆藏检索
  • 电子资源
  • 读者导购
  • 参考咨询
  • 我的图书馆
  • 登录
  • 详细信息显示
  • 放入我的书架
  • 预约/预借图书
  • 作者相关作品
  • 分类相关作品
  • 丛书相关作品
  • 出版社相关作品

书目信息

  • 表格格式
  • 工作单格式
  • 卡片格式
题名:
科技与法律的博弈
    
 
作者: 王沛莹 著
分册:  
出版信息: 成都   电子科技大学出版社  2018
页数: 211页
开本: 24cm
丛书名:
单 册:
中图分类: TP393.083
科图分类:
主题词: 互联网络--个人信息--隐私权--研究
电子资源:
ISBN: 978-7-5647-6484-5
000 00894nam0 2200241 450
001 012001005195
005 20131111150241.0
010    @a978-7-5647-6484-5@dCNY49.00
100    @a20190406d2018 em y0chiy50 ea
101 0  @achi
102    @aCN@b510000
105    @ay z 000yy
106    @ar
200 1  @a科技与法律的博弈@9ke ji yu fa lv de bo yi@e大数据时代的隐私保护与被遗忘权@f王沛莹著
210    @a成都@c电子科技大学出版社@d2018
215    @a211页@d24cm
330    @a本书立足于我国隐私保护的基础理论,以科技与法律的博弈为视角,对个人数据、网络隐私权、隐私侵权、被遗忘权等方面进行深入分析。
517 1  @a大数据时代的隐私保护与被遗忘权@9da shu ju shi dai de yin si bao hu yu bei yi wang quan
606 0  @a互联网络@x个人信息@x隐私权@x研究
690    @aTP393.083@v5
701  0 @a王沛莹@9wang pei ying@4著
801  0 @aCN@b江苏凤凰@c20191020
905    @b1213041-3@dTP393.083@e1304@f3
    
    科技与法律的博弈:大数据时代的隐私保护与被遗忘权/王沛莹著.-成都:电子科技大学出版社,2018
    211页;24cm
    
    
    ISBN 978-7-5647-6484-5:CNY49.00
    本书立足于我国隐私保护的基础理论,以科技与法律的博弈为视角,对个人数据、网络隐私权、隐私侵权、被遗忘权等方面进行深入分析。
●
相关链接 在E读中查询图书 在五车中查询图书 在当当中查询图书 在豆瓣中查询图书


正题名:科技与法律的博弈     索取号:TP393.083/1304         预约/预借

序号 登录号 条形码 馆藏地/架位号 状态 备注
1 1213041   212130415   第二样本阅览室/ [索取号:TP393.083/1304] 在馆    
2 1213042   212130424   第三借阅区/ [索取号:TP393.083/1304] 在馆    
3 1213043   212130433   第三借阅区/ [索取号:TP393.083/1304] 在馆    
唐山师范学院图书馆 欢迎您!
大连网信软件有限公司© 版权所有